00358 a2200109 4500001001000000005001700010008004100027245005800068100002500126700002600151773007100177ART_5381720260410161609.0260409a 10aTratamiento contable-práctico del impuesto diferido1 aOubiña, Gabriel H.1 aFaccendini, Yanina C.0 tProfesional & Empresariag- Año XXII, Nº 265 (oct. 2021)wREV70